000 00538nam a2200181Ia 4500
005 20250326141046.0
008 250326s9999 xx 000 0 und d
037 _aTextbook
040 _aFMSL
_beng
_cFMSL
041 _aeng
_2eng
084 _aX:74.1 P0
_qFMSL
100 _aWild J J
_9743609
245 0 _aInternational business: an integrated approach
_cWild J J And Others
260 _aNew York
_bNew York, Prentice Hall International
_c2001
300 _a572p
942 _cTB
_hX:74.1 P0
999 _c1288515
_d1288515